[Event "Lidums Checkmate Op"]
[Site "Adelaide"]
[Date "2007.07.08"]
[Round "7.1"]
[White "Rogers, Ian"]
[Black "Toth, Andras"]
[Result "1-0"]
[Annotator "Fritz 10"]
[BlackElo "2421"]
[EventCountry "AUS"]
[EventDate "2007.07.07"]
[EventRounds "7"]
[EventType "swiss"]
[PlyCount "65"]
[WhiteElo "2624"]

{ D00: 1 d4 d5: Unusual lines } 1. d4 Nf6 2. Nf3 g6 3. Nc3 d5 4. Bf4 Bg7 5. e3
O-O 6. Be2 c5 7. Ne5 Nc6 8. O-O Bf5 9. dxc5 Qa5 10. Nb5 Ne4 11. Nxc6 bxc6 12.
Nd4 Qxc5 13. Nxf5 gxf5 14. c3 e5 15. Bg3 Rab8 $146 ( 15... Qd6 16. Bd3 Qh6 17.
Qc1 Kh8 18. c4 f4 19. exf4 Nxg3 20. hxg3 e4 21. Be2 f5 22. cxd5 cxd5 23. Qc5 d4
24. Rfd1 Rad8 25. Qxa7 d3 26. Bxd3 exd3 27. Rd2 Rd6 28. Rad1 Re8 29. Qa5 Qh5
30. g4 { Rogers,I  ( 2565 ) -Polgar,J  ( 2550 ) /Brno 1991/CBM 026/1/2-1/2  (
46 )}  )16. Rb1 Nxg3 ( 16... Qe7 17. Bd3 $17 )17. hxg3 $15 { Opposite coloured
bishops appeared}  17... Rb7 18. Qd2 e4 { Black wins space}  19. Rfc1 Qd6 20.
b4 Rd8 21. Rb3 Be5 22. Ra3 h5 23. Qd1 ( 23. Ra6 Qf6 $15 )23... h4 ( 23... Qh6
$5 $142 24. Rc2 h4 $17 )24. gxh4 $15 f4 25. Ba6 { Begins the manoeuvre
Be2-a6-c8-f5. White threatens to win material: Ba6xb7}  25... Re7 26. Qg4+ Kh8
27. Qh5+ Kg8 28. Bc8 f6 ( 28... fxe3 $5 { should not be overlooked}  29. fxe3
Qg6 30. Qxg6+ fxg6 $11 )29. Bf5 $14 { A comfortable square for the white
bishop}  29... Rg7 ( 29... fxe3 30. fxe3 c5 $16 )30. Kh1 $18 fxe3 31. fxe3 Bg3
32. Rf1 Qe7 $4 { the final mistake, not that it matters anymore}  ( 32... Be5
$18 $142)33. Rxa7 $3 { Double attack: f6/g8. . . . . . . .}  ( 33. Rxa7 Qxa7
34. Be6+ Qf7 35. Bxf7+ ( 35. Qxf7+ $6 Rxf7 36. Rxf6 Rf8 $11 )35... Rxf7 36.
Qg4+ Kf8 37. Qxg3 $18 ) 1-0

[Event "Lidums Checkmate Op"]
[Site "Adelaide"]
[Date "2007.07.08"]
[Round "7.2"]
[White "Antic, Dejan"]
[Black "Chow, Samuel"]
[Result "1/2-1/2"]
[Annotator "Fritz 10"]
[BlackElo "2297"]
[EventCountry "AUS"]
[EventDate "2007.07.07"]
[EventRounds "7"]
[EventType "swiss"]
[PlyCount "72"]
[WhiteElo "2471"]

{ D89: Exchange Grünfeld: Classical Line: 10 Be3 cxd4 11 cxd4 Bg4 12 f3 Na5 13
Bd3 } 1. d4 Nf6 2. c4 g6 3. Nc3 d5 4. cxd5 Nxd5 5. e4 Nxc3 6. bxc3 Bg7 7. Bc4
c5 8. Ne2 Nc6 9. Be3 O-O 10. O-O Bg4 11. f3 Na5 12. Bd3 cxd4 13. cxd4 Be6 14.
d5 Bxa1 15. Qxa1 f6 16. Rb1 Bd7 17. Bh6 Re8 18. e5 Qc7 19. exf6 exf6 20. Qxf6
Qe5 21. Qxe5 $146 { White has a mate threat}  ( 21. Qh4 Bf5 22. Bxf5 Qxf5 23.
Nc3 Rad8 24. Ne4 Rxd5 25. Qf6 Qd7 26. Qa1 Rxe4 27. fxe4 Rh5 28. Rd1 Qe7 29.
Rd8+ Kf7 30. Qg7+ Ke6 31. Qg8+ Qf7 32. Re8+ Kf6 33. Rf8 { 1-0
Voracek,M-Sebenik,M  ( 2155 ) /Mureck 1998/CBM 065 ext  ( 33 )}  )21... Rxe5
22. Be4 Bf5 { Black threatens to win material: Bf5xe4}  23. Ng3 Rd8 { Exerts
pressure on the isolated pawn}  24. Rb5 Bxe4 25. fxe4 b6 26. Bf4 { White
threatens to win material: Bf4xe5}  26... Ree8 27. e5 a6 28. Rxb6 Nc4 29. Rxa6
Nxe5 30. d6 ( 30. Ra5 Ng4 31. Nf1 Re1 $15 )30... Nd3 $17 31. Bd2 Re6 32. Ra7
Rdxd6 33. h3 Ra6 34. Rd7 Red6 35. Re7 Re6 { Black threatens to win material:
Re6xe7}  ( { Instead of } 35... Rxa2 36. Bh6 Raa6 37. Rg7+ Kf8 38. Ne4 $11 )36.
Rd7 Red6  1/2-1/2

[Event "Lidums Checkmate Op"]
[Site "Adelaide"]
[Date "2007.07.08"]
[Round "7.3"]
[White "Obst, James"]
[Black "West, Guy"]
[Result "0-1"]
[Annotator "Fritz 10"]
[BlackElo "2291"]
[EventCountry "AUS"]
[EventDate "2007.07.07"]
[EventRounds "7"]
[EventType "swiss"]
[PlyCount "80"]
[WhiteElo "2234"]

{ B01: Scandinavian Defence } 1. e4 d5 2. exd5 Nf6 3. d4 Bg4 4. Bb5+ Nbd7 5. f3
Bf5 6. g4 Bg6 7. Nc3 Nxd5 ( 7... a6 8. Ba4 b5 9. Bb3 Nb6 10. a4 ( 10. Qe2 b4 (
10... Nbxd5 11. Nxd5 Nxd5 12. f4 f6 13. Qe6 Nb6 14. f5 Qxd4 15. Be3 { 1-0
West,G  ( 2356 ) -Lachaux,J  ( 2098 ) /Queenstown 2006/CBM 110 ext}  ) 11. Na4
h5 12. c4 bxc3 13. Nxc3 Qd6 14. Bd2 hxg4 15. Ne4 Qd7 16. Nc5 Qf5 17. fxg4 Qxg4
18. Qxg4 Nxg4 19. Ne2 Rxh2 20. Rxh2 Nxh2 21. O-O-O Bh5 22. Rh1 Bxe2 23. Rxh2
Bf3 24. Bf4 Ra7 { Xie,G  ( 2376 ) -Smerdon,D  ( 2460 ) /Canberra 2006/CBM 111
ext/0-1  ( 47 )}  )10... Nfxd5 11. Nxd5 Nxd5 12. Qe2 e6 13. axb5 Bb4+ 14. Kf1
O-O 15. bxa6 c5 16. h4 h6 17. h5 Bh7 18. dxc5 Bxc5 19. Nh3 Qb6 20. g5 Ne3+ 21.
Bxe3 Bxe3 22. g6 { Degraeve,J  ( 2589 ) -Krivoshey,S  ( 2455 ) /Metz 2001/CBM
081 ext/1-0  ( 55 )}  )8. Nxd5 c6 9. h4 $146 ( 9. Bxc6 bxc6 10. Nf4 e5 11. dxe5
Qh4+ 12. Kf1 Bc5 13. Qe2 O-O 14. Ng2 Qe7 15. f4 Rae8 16. Be3 Nxe5 17. fxe5 Qxe5
18. Nf3 Qxb2 19. Kf2 Rxe3 20. Nxe3 Re8 21. Rab1 Qf6 22. Rb3 Qf4 23. Rhb1 h5 {
Collazo,N  ( 2204 ) -Montalvo,A  ( 2281 ) /Havana 2003/CBM 094 ext/1/2-1/2  (
34 )}  )9... h6 { Black's piece can't move: f8}  ( 9... cxb5 $2 { looks
interesting, but}  10. h5 e6 11. hxg6 exd5 12. gxh7 $18 )10. Nf4 Qa5+ 11. c3
Qxb5 12. Nxg6 fxg6 13. Qe2 Qxe2+ 14. Nxe2 e5 15. dxe5 ( 15. Be3 $5 $11 { should
be examined more closely} )15... Nxe5 $15 16. Bf4 { White threatens to win
material: Bf4xe5}  16... Nd3+ { Black forks: b2+e1}  ( { Weaker is } 16...
Nxf3+ 17. Kf2 Nxh4 18. Rxh4 Bc5+ 19. Ke1 $14 )17. Kd2 Nxb2 18. Kc2 Nc4 19. Nd4
Bd6 ( 19... Kf7 $5 $15)20. Bxd6 $11 Nxd6 21. Rad1 Nc4 ( 21... O-O-O 22. Ne6 Rd7
23. Nc5 $11 )22. Kb3 ( 22. Rhe1+ $5 { is worth looking at}  22... Kf7 23. Ne6
$11 )22... Nb6 $15 23. Rhe1+ Kf7 24. f4 Rhe8 25. f5 { White gains space}  25...
Rxe1 26. Rxe1 Nd5 27. fxg6+ Kxg6 28. c4 { White threatens to win material:
c4xd5}  28... Nf6 { Black threatens to win material: Nf6xg4}  29. Re7 { White
threatens to win material: Re7xb7}  29... Nxg4 30. Rxb7 Ne5 31. Re7 c5 32. h5+
Kf6 { Black threatens to win material: Kf6xe7}  33. Re6+ Kf7 34. Rxe5 cxd4 35.
c5 ( 35. Rd5 $5 $11 $142 { is an interesting idea} )35... Rd8 $17 36. Kc4 d3
37. Re1 d2 38. Rd1 Kf6 39. c6 { Don't underestimate that pawn}  39... Ke5 (
39... Ke6 $5 $17 $142)40. Kb5 ( 40. Kc5 Rd5+ 41. Kc4 $17 )40... Rd5+ $17 (
40... Rd5+ 41. Kc4 Kd6 $17 ) 0-1

[Event "Lidums Checkmate Op"]
[Site "Adelaide"]
[Date "2007.07.08"]
[Round "7.4"]
[White "Scott, Ronald"]
[Black "Tao, Trevor"]
[Result "1-0"]
[Annotator "Fritz 10"]
[BlackElo "2354"]
[EventCountry "AUS"]
[EventDate "2007.07.07"]
[EventRounds "7"]
[EventType "swiss"]
[PlyCount "111"]
[WhiteElo "2172"]

{ C44: Ponziani Opening and Scotch Gambit } 1. e4 e5 2. Nf3 Nf6 3. d3 Nc6 4. c3
d5 5. Nbd2 Be7 6. Be2 O-O ( 6... a6 7. O-O O-O 8. Re1 dxe4 9. dxe4 Bc5 10. b4
Ba7 11. h3 Qe7 12. a4 Rd8 13. Qc2 Nh5 14. Nc4 Nf4 15. Bf1 Qf6 16. Nh2 Be6 17.
Ne3 h5 18. Kh1 Rd7 19. b5 Ne7 20. Rb1 axb5 21. axb5 { Rausis,I  ( 2565 )
-Zayac,E  ( 2360 ) /Oviedo 1993/CBM 038 ext/0-1}  )7. Qc2 ( 7. b4 a6 8. O-O b5
9. a3 Bb7 10. Bb2 Qd7 11. Re1 Rfd8 12. Qc2 Bd6 13. Rad1 Ne7 14. Bf1 Ng6 15.
exd5 Nxd5 16. c4 Ndf4 17. c5 Qg4 18. Kh1 Bxc5 19. h3 Qh5 20. bxc5 Bc6 21. Kh2
f5 { Pavkovic,M  ( 2200 ) -Zelic,M  ( 2279 ) /Omis 2006/CBM 114 ext/1-0  ( 50
)}  )7... a5 8. Nf1 Re8 $146 ( 8... Ne8 9. Ng3 Be6 10. h4 Nd6 11. Ng5 Bxg5 12.
hxg5 f5 13. gxf6 Qxf6 14. Bf3 d4 15. Qe2 b5 16. Bd2 dxc3 17. bxc3 b4 18. a4
Rab8 19. O-O bxc3 20. Bxc3 Qh4 21. Rfb1 Rbd8 22. Nf5 Nxf5 23. exf5 {
Cygon,J-Klein,V  ( 2220 ) /Germany 1994/GER/1-0  ( 35 )}  )9. h3 { Consolidates
g4}  ( 9. Ng3 a4 $15 )9... Bf8 ( 9... a4 10. Ng3 $17 )10. Bg5 Be6 11. g4 ( 11.
Ne3 d4 12. Ng4 Bxg4 13. hxg4 Be7 $11 )11... Be7 12. Ng3 Nd7 13. Bd2 { Black has
an active position}  13... Nf8 14. Nf5 Ng6 15. Qc1 ( 15. h4 h6 $11 )15... Bxf5
( 15... a4 $5 $17 $142)16. gxf5 $14 Nh4 17. Nxh4 Bxh4 18. Rg1 Kh8 19. Qd1 ( 19.
exd5 e4 20. d4 e3 21. Bxe3 Qxd5 $14 )19... Ra6 20. Rg4 Rb6 $2 ( 20... d4 $5 $11
$142 { would allow Black to play on} )21. exd5 $16 e4 ( 21... Nb8 $5 22. Qa4
Be7 $18 )22. Rxe4 $18 ( 22. dxc6 exd3 23. Rd4 Rxe2+ ( 23... dxe2 $2 24. Qa4
Bxf2+ 25. Kxf2 $16 )24. Qxe2 dxe2 25. Rxd8+ Bxd8 $14 )( 22. dxe4 $6 Ne5 23. Rg2
Rxb2 $18 )22... Ne5 23. Qa4 Rxb2 ( 23... Rd6 24. c4 $18 )24. Bc1 ( 24. O-O-O {
keeps an even firmer grip}  24... Rxd2 25. Rxd2 Bf6 $18 )24... Bxf2+ $2 ( 24...
b5 25. Qd1 Nf3+ 26. Kf1 Rxe4 27. dxe4 Qd6 $16 )25. Kf1 b5 ( 25... Rxe2 26. Rxe2
c6 27. Rxf2 Nxd3 28. Re2 Rxe2 29. Kxe2 Nxc1+ 30. Rxc1 Qxd5 31. Qd4 Qg2+ 32. Kd3
$18 )26. Qd1 Rxe2 27. Qxe2 ( 27. Rxe2 $6 Bb6 28. Be3 Qxd5 29. Bxb6 cxb6 $11
)27... Qxd5 28. d4 ( 28. Kxf2 $6 { is much worse}  28... Nxd3+ 29. Qxd3 Qxe4 (
29... Qxd3 $4 30. Rxe8# )30. Qxe4 Rxe4 $18 )28... Bg3 29. c4 ( 29. dxe5 $2 {
looks very tantalising, but}  29... Rxe5 30. c4 Qxe4 31. Qxe4 Rxe4 32. cxb5
Re1+ 33. Kg2 Be5 $19 )29... bxc4 30. Bb2 c3 ( 30... Qc6 { cannot change
destiny}  31. Bc3 ( 31. dxe5 $6 { is clearly weaker}  31... c3 32. Bxc3 Qxc3
$16 )31... f6 32. dxe5 fxe5 33. Kg2 $18 )31. Bxc3 Qc6 32. Be1 ( 32. dxe5 $6 {
is clearly worse}  32... Qxc3 33. Rd1 Qc6 $16 )32... Bf4 33. Bf2 ( 33. Rb1 $5
$142 { and White can already relax}  33... g5 34. dxe5 Bxe5 $18 )33... Qc3 34.
Kg2 Qxa1 35. Rxf4 Qc3 36. dxe5 ( 36. Re4 { makes it even easier for White} 
36... Qc6 37. Kg3 f6 38. dxe5 fxe5 $18 )36... Rxe5 37. Qf3 Qxf3+ 38. Kxf3 f6 (
38... Kg8 39. f6 gxf6 40. Rxf6 $18 )39. Bd4 ( 39. a4 $5 { might be the shorter
path}  39... c6 $18 )39... Rb5 40. Ke4 Kg8 ( 40... Rb4 41. Kd5 Ra4 42. Rf2 $18
)41. Rf3 Kf7 ( 41... Rb1 42. Kd5 $18 )42. Rc3 Rb7 43. Rc6 Ke7 44. a4 Kd7 45.
Ra6 Rb3 46. Rxa5 ( 46. h4 $5 { seems even better}  46... Rg3 47. Kf4 Rd3 $18
)46... Rxh3 47. Rc5 ( 47. Ra8 Rh4+ 48. Kd5 Rf4 $18 )47... Rh5 ( 47... Rh2 48.
Kd3 $18 )48. a5 g6 49. a6 gxf5+ 50. Kd3 Rh3+ 51. Kc4 Ra3 52. Kb5 f4 ( 52... c6+
53. Kb6 Rb3+ 54. Ka7 $18 )53. Rf5 ( 53. Rd5+ $142 { keeps an even firmer grip} 
53... Ke6 54. Rh5 $18 )53... f3 ( 53... c6+ 54. Kb6 Rb3+ 55. Ka7 c5 56. Rxc5
Rb4 $18 )54. a7 Kc8 ( 54... Ke6 { is not the saving move}  55. Rxf3 $3 { Decoy:
f3}  55... Rxa7 56. Bxa7 $18 )55. Rxf6 Kb7 56. Rf8 ( 56. Rf8 c6+ 57. Kb4 $18 )
1-0

[Event "Lidums Checkmate Op"]
[Site "Adelaide"]
[Date "2007.07.08"]
[Round "7.5"]
[White "Johansen, Darryl Keith"]
[Black "Nguyen, Giang"]
[Result "1/2-1/2"]
[Annotator "Fritz 10"]
[BlackElo "2097"]
[EventCountry "AUS"]
[EventDate "2007.07.07"]
[EventRounds "7"]
[EventType "swiss"]
[PlyCount "60"]
[WhiteElo "2445"]

{ B03: Alekhine's Defence: Four Pawns Attack } 1. e4 Nf6 2. e5 Nd5 3. d4 d6 4.
c4 Nb6 5. exd6 cxd6 6. Nc3 g6 7. a4 Bg7 8. a5 N6d7 9. Ra3 ( 9. Nf3 Nc6 10. Ra3
Nxa5 11. d5 b6 12. b4 Nb7 13. Nd4 Nb8 14. Ncb5 a5 15. Be2 Qd7 16. Bf3 Na6 17.
Nc6 axb4 18. Rxa6 Rxa6 19. Nb8 Ra1 20. Nxd7 Bxd7 21. O-O Nc5 22. Qe2 O-O 23. g4
b3 { Hanley,C  ( 2331 ) -Grunberg,M  ( 2445 ) /Port Erin 2002/CBM 090 ext/0-1 
( 31 )}  )( 9. d5 O-O 10. Nf3 Na6 11. Be2 Nf6 12. h3 e6 13. O-O exd5 14. cxd5
Nc5 15. Be3 Nfe4 16. Nxe4 Nxe4 17. Bd4 Ng5 18. Ne1 Nxh3+ 19. gxh3 Bxh3 20. Bxg7
Qg5+ 21. Kh2 Bxf1 22. Bc3 Qf4+ 23. Kg1 Bxe2 { Cubas,J  ( 2387 ) -Bronstein,L  (
2362 ) /Pinamar 2005/CBM 106 ext/1/2-1/2  ( 51 )}  )9... O-O 10. Nf3 Nc6 11. d5
{ White threatens to win material: d5xc6}  11... Nb4 $146 ( 11... Nce5 12. Nd4
( 12. Nxe5 Nxe5 13. Be2 Qc7 14. Nb5 Qb8 15. Be3 Bf5 16. Nd4 Qc8 17. Nxf5 Qxf5
18. f4 Nxc4 19. Bxc4 Qe4 20. Be2 Qxg2 21. Bf3 Qxb2 22. Qb3 Rfc8 23. O-O b6 24.
Qxb2 Bxb2 25. Rb3 Bf6 26. a6 Kg7 { Kouvatsou,M  ( 2233 ) -Dubois,L  ( 2264 )
/Budapest 2003/CBM 094 ext/1-0  ( 44 )}  )12... Nc5 13. b4 Na6 14. Rb3 Bd7 15.
f4 Ng4 16. h3 e5 17. Nf3 Nh6 18. fxe5 dxe5 19. Bg5 f6 20. Bd2 Nf5 21. Ne4 Ba4
22. b5 Nd6 23. Nxd6 Nc5 24. Nxb7 Nxb7 25. Qb1 Bxb3 26. Qxb3 { Burrows,M  ( 2201
) -Gruettner,R  ( 2056 ) /Guernsey 2004/CBM 102 ext/1-0  ( 63 )}  )12. Bd2 {
Black has a cramped position. Black's piece can't move: c8}  ( 12. Qd2 b6 $11
)12... Nc5 { White has an active position}  ( 12... Ne5 13. Na4 Nxf3+ 14. Rxf3
Qxa5 15. Ra3 Bxb2 16. Ra2 $15 )13. Nb5 $11 Nba6 14. Bc3 Bxc3+ 15. bxc3 ( 15.
Nxc3 Bf5 $11 )15... Bg4 16. Be2 Nd7 17. Nd2 Bxe2 18. Qxe2 Nac5 { A sound move} 
19. O-O { White castles and improves king safety}  19... a6 { Black threatens
to win material: a6xb5}  20. Nd4 e5 21. dxe6 ( 21. N4b3 $5 $11 { is noteworthy}
)21... fxe6 $15 22. Ra2 Qf6 23. N2f3 ( 23. Rb2 Qe7 $15 )23... e5 24. Nc2 e4 25.
Nfd4 Rae8 26. Ne3 Nd3 ( 26... Ne5 27. Rb2 $17 )27. Qg4 N7c5 28. Nd5 { White
threatens to win material: Nd5xf6}  28... Qe5 29. Re2 Nf4 30. Nxf4 Rxf4 
1/2-1/2

[Event "Lidums Checkmate Op"]
[Site "Adelaide"]
[Date "2007.07.08"]
[Round "7.6"]
[White "Wright, Neil S"]
[Black "Chapman, Mark"]
[Result "1/2-1/2"]
[Annotator "Fritz 10"]
[BlackElo "2444"]
[EventCountry "AUS"]
[EventDate "2007.07.07"]
[EventRounds "7"]
[EventType "swiss"]
[PlyCount "88"]
[WhiteElo "2141"]

{ C47: Scotch Four Knights and Four Knights with 4 g3 } 1. e4 e5 2. Nf3 Nc6 3.
Nc3 Nf6 4. g3 Bc5 5. Bg2 d6 6. h3 O-O ( 6... a6 7. d3 Bd7 8. O-O h6 9. Be3 Bxe3
10. fxe3 O-O 11. Nh4 g6 12. Kh2 Kg7 13. Qd2 Ne7 14. d4 Neg8 15. a4 Qe7 16. a5
b5 17. axb6 cxb6 18. b4 Rfc8 19. Ra3 Rc4 20. Rb3 Rac8 21. Ra1 { Smirin,I  (
2671 ) -Hracek,Z  ( 2579 ) /Rabac 2004/CBM 102 ext/1/2-1/2}  )7. O-O Be6 ( 7...
h6 8. d3 Be6 9. Na4 Bb6 10. Nxb6 axb6 11. c4 Nd7 12. Ne1 f5 13. exf5 Bxf5 14.
f4 Nc5 15. g4 Bh7 16. f5 Qf6 17. Be3 Kh8 18. a3 Nd8 19. b4 Nd7 20. Be4 c6 21.
Ng2 Bg8 22. h4 { Mink,J  ( 2002 ) -Kaufmann,B  ( 1942 ) /Willingen 2005/CBM 106
ext/1-0  ( 43 )}  )8. d3 Qd7 $146 ( 8... Nd7 9. Nh4 Ne7 10. Kh1 c6 11. g4 f6
12. Ne2 d5 13. Ng3 g5 14. Nhf5 Ng6 15. c3 Nf4 16. Be3 Qc7 17. Qc2 Rae8 18. Rad1
Bb6 19. c4 d4 20. Bc1 c5 21. Bd2 Ba5 22. Bc1 Nb8 23. a3 { Diaz Villagran,R  (
2252 ) -Roldan,R  ( 2240 ) /Villa Giardino 2002/CBM 088 ext/1-0  ( 53 )}  )9.
Kh2 h6 { Prevents intrusion on g5}  10. Be3 Bxe3 11. fxe3 d5 ( 11... Ne7 12. d4
Bc4 13. Rf2 $11 )12. Nh4 d4 13. exd4 exd4 ( 13... Nxd4 14. Qd2 c6 15. Rxf6 gxf6
16. Qxh6 $14 )14. Ne2 $14 Nh7 { Black has an active position}  15. Nf5 g6 16.
Nxh6+ Kg7 { Black threatens to win material: Kg7xh6}  17. Qd2 Rh8 18. Qf4 Qd6 (
18... f6 19. Kg1 $14 )19. Ng4 $16 Bxg4 ( 19... Qxf4 20. gxf4 ( 20. Rxf4 $6 g5
21. Rf3 Bxg4 22. hxg4 Nf6+ 23. Kg1 Nxg4 $11 )20... Rad8 21. f5 $16 )20. Qxg4 (
20. Qxf7+ $5 Kh6 21. hxg4 Ng5 $16 )20... Ne5 $16 21. Qf4 Nf6 22. Kg1 c5 23. Rf2
Raf8 24. g4 ( 24. Qd2 b6 $16 )24... Nh7 ( 24... Nfd7 25. Qg3 $16 )25. Ng3 ( 25.
Qg3 $5 $18 $142)25... f6 26. h4 ( 26. Ne2 $5 $14)26... Qe6 $11 27. Bh3 Ng5 28.
hxg5 Rxh3 29. gxf6+ ( 29. Raf1 Qxg4 ( 29... Nxg4 $143 30. gxf6+ Kh8 31. Rf3 $14
)30. Kg2 Qxf4 31. Rxf4 Rfh8 32. Rxf6 Rh2+ 33. Kg1 Rxc2 $11 )29... Rxf6 30.
Qxf6+ Qxf6 31. Rxf6 Kxf6 { White has a new protected passed pawn: e4}  32. Kg2
{ White threatens to win material: Kg2xh3}  32... Rh7 33. Rf1+ Kg5 { Black
threatens to win material: Kg5xg4}  34. Rf8 Nxg4 35. Nf1 Rc7 36. b3 b5 37. Kg3
c4 38. Nd2 Ne5 39. bxc4 bxc4 40. Rd8 cxd3 41. cxd3 Rc3 { Black pins: Rc3xd3} 
42. Rxd4 Rxd3+ 43. Rxd3 Nxd3 { A knight endgame occured}  44. Nc4 Kf6  1/2-1/2

[Event "Lidums Checkmate Op"]
[Site "Adelaide"]
[Date "2007.07.08"]
[Round "7.7"]
[White "Stojic, Dusan"]
[Black "Morris, James"]
[Result "1-0"]
[Annotator "Fritz 10"]
[BlackElo "2035"]
[EventCountry "AUS"]
[EventDate "2007.07.07"]
[EventRounds "7"]
[EventType "swiss"]
[PlyCount "77"]
[WhiteElo "2169"]

{ B06: Modern Defence } 1. e4 g6 2. d4 Bg7 3. Nc3 d6 4. Nf3 a6 5. a4 Nd7 ( 5...
Nc6 6. Be2 e5 7. dxe5 Nxe5 8. Nxe5 Bxe5 9. O-O Bg7 10. Bf4 Ne7 11. Qd2 O-O {
1/2-1/2 Budnikov,A  ( 2525 ) -Yudasin,L  ( 2595 ) /Moscow 1991/URS-ch}  )6. Bc4
e6 7. Be3 ( 7. O-O Ne7 8. Bg5 h6 9. Be3 O-O 10. Qd2 Kh7 11. Bf4 b6 12. Rfe1 Bb7
13. Rad1 Nf6 14. h3 d5 15. exd5 Nexd5 16. Nxd5 exd5 17. Bd3 Ne4 18. Qe3 Qd7 19.
a5 Rae8 20. Ne5 Qd8 21. axb6 cxb6 { Struk,J  ( 2266 ) -Dobosz,H  ( 2409 )
/Ditzingen 2006/CBM 112 ext/1/2-1/2}  )7... b6 $146 ( 7... Ne7 8. Qd2 h6 9. O-O
d5 10. Bd3 dxe4 11. Bxe4 Nf6 12. Bf4 Nxe4 13. Nxe4 Nc6 14. Rad1 g5 15. Be3 f5
16. Nc5 f4 17. Qd3 O-O 18. Bc1 b6 19. Nb3 Bb7 20. Qe2 Qf6 21. Rfe1 Rae8 22. h3
{ Dely,P-Rakic,T/Belgrade 1968/MCD/0-1}  )( 7... Ngf6 8. O-O O-O 9. Qd3 $16 )8.
Qd2 h6 9. O-O Ne7 10. Rad1 Bb7 11. Bb3 Kf8 12. Ne1 ( 12. d5 exd5 13. Nxd5 Nc5
14. Bxc5 bxc5 $16 )12... Kg8 $14 13. f4 Kh7 14. Nf3 { White intends e5}  14...
Nf6 { Black threatens to win material: Nf6xe4}  15. e5 { White threatens to win
material: e5xf6}  15... Ng4 16. h3 Nxe3 17. Qxe3 Bxf3 18. Qxf3 ( { Not } 18.
gxf3 Nf5 19. Qe1 d5 $17 )18... d5 19. Ne2 c5 { Nimzovich: attack the chain at
its base}  20. c3 Nc6 21. Bc2 cxd4 22. cxd4 ( 22. Nxd4 Nxd4 23. Rxd4 b5 $14
)22... Nb4 { Black threatens to win material: Nb4xc2}  23. Bb1 Qd7 ( 23... Qe7
$5 $14 $142 { should be considered} )24. g4 $16 { White plans f5}  24... Rac8 (
24... f5 $5 $142 25. exf6 Bxf6 $16 )25. f5 $18 Qxa4 $2 ( 25... Rc6 $18)26.
fxg6+ fxg6 27. Qf7 Nc2 ( 27... Rc2 { does not save the day}  28. Nf4 Qe8 29.
Nxe6 $18 )28. Nf4 Qe8 29. Nxe6 Qxf7 30. Rxf7 Rhg8 31. Nxg7 ( 31. Rxg7+ $6 Rxg7
32. Nxg7 Ne3 $16 )31... Rxg7 32. Rxg7+ Kxg7 33. Rc1 Rc4 34. Rxc2 Rxd4 ( 34...
Rxc2 { the only chance to get some counterplay}  35. Bxc2 Kf7 $18 )35. Rc7+ Kf8
( 35... Kg8 { doesn't change anything anymore}  36. Bxg6 Rc4 37. Rb7 $18 )36.
Bxg6 Rd1+ ( 36... Rd2 { does not solve anything}  37. Kf1 Rd4 38. Rf7+ Ke8 39.
Kf2 $18 )37. Kf2 Rd2+ 38. Ke3 Rxb2 39. e6 ( 39. e6 d4+ 40. Kd3 h5 41. e7+ Kg7
42. e8=Q+ Kh6 43. Rh7+ Kg5 44. Qe5+ Kxg6 45. Qf5# ) 1-0

[Event "Lidums Checkmate Op"]
[Site "Adelaide"]
[Date "2007.07.08"]
[Round "7.8"]
[White "Ayris, Tony"]
[Black "Sorokina, Anastasia"]
[Result "1-0"]
[Annotator "Fritz 10"]
[BlackElo "2201"]
[EventCountry "AUS"]
[EventDate "2007.07.07"]
[EventRounds "7"]
[EventType "swiss"]
[PlyCount "60"]
[WhiteElo "2094"]

{ B45: Sicilian Four Knights } 1. e4 c5 2. Nf3 e6 3. d4 cxd4 4. Nxd4 Nf6 5. Nc3
Nc6 6. Nxc6 bxc6 7. e5 Nd5 8. Ne4 Qb6 ( 8... c5 9. Be2 Be7 10. O-O O-O 11. c4
Nb4 12. b3 f5 13. exf6 Bxf6 14. Nxf6+ Qxf6 15. Be3 Bb7 16. Qd2 Qf5 17. f3 Rfd8
18. a3 Nc6 19. Qd6 Rac8 20. Bxc5 Ba8 21. b4 Ne5 22. Rac1 Nf7 23. Qd4 { Watson,W
 ( 2505 ) -Conquest,S  ( 2460 ) /London 1991/CBM 024/1-0  ( 36 )}  )( 8... d6
9. c4 f5 10. Nxd6+ Bxd6 11. exd6 Nf6 12. Be3 Qa5+ 13. Qd2 Qxd2+ 14. Bxd2 O-O
15. f3 e5 16. O-O-O Be6 17. Bc3 e4 18. Be2 Nd7 19. Rhe1 Rae8 20. b4 Nb6 21. Rd4
Rb8 22. Bd1 e3 23. Rxe3 { Leuw,M  ( 2193 ) -Longuemart,J/La Fere 2004/CBM 101
ext/1-0}  )9. c4 Bb4+ 10. Bd2 f5 $146 ( 10... Qd4 11. Nd6+ Bxd6 12. exd6 Nb6
13. Bc3 Qe4+ 14. Qe2 Qxe2+ 15. Bxe2 Ba6 16. b3 O-O 17. O-O Nd5 18. Bb2 Nf4 19.
Bf3 f5 20. Rad1 g5 21. g3 Nh3+ 22. Kg2 g4 23. Be2 c5 24. f3 Bb7 25. Bc1 {
Maldonado,J-Amor,S/Buenos Aires 2002/CBM 090 ext/1-0  ( 40 )}  )11. exf6 Nxf6
12. Nxf6+ gxf6 13. Qh5+ Kd8 14. O-O-O Rb8 15. Qf3 { White threatens to win
material: Qf3xf6}  ( 15. a3 Bxd2+ 16. Rxd2 Kc7 $16 )15... Be7 $14 { Black has a
mate threat}  16. Bc3 e5 17. Bd3 ( 17. a3 $5 $14 { is worth consideration}
)17... d6 $11 18. Rhe1 Bd7 ( 18... h5 19. Bf5 $11 )19. Bf5 $14 { Black has a
cramped position}  19... Qb7 ( 19... h5 $5 $14)20. Qd3 Bxf5 21. Qxf5 Qd7 22.
Qd3 Kc8 23. f4 $1 { Decoy: f4}  23... Rb7 ( 23... exf4 24. Qe4 { Double attack}
 ( 24. Qe4 { Decoy} ))24. Qe4 Qe8 ( 24... exf4 $142 25. Re2 h5 $16 )25. c5 {
White threatens to win material: c5xd6}  ( 25. fxe5 $5 $142 fxe5 26. c5 $16
)25... d5 $11 { Black threatens to win material: d5xe4}  26. Qf5+ Qd7 27. Qxd7+
Rxd7 28. fxe5 fxe5 29. Rxe5 Rg8 ( { Worse is } 29... Bxc5 30. Re6 Rhd8 31.
Rxc6+ Rc7 32. Rxc7+ Kxc7 33. Ba5+ Bb6 34. Bxb6+ axb6 35. Rf1 $16 )30. g3 {
Covers h4}  30... Bxc5  1-0